000 00561nam a22001817a 4500
005 20251108171947.0
008 250721s1987 xx 000 0 ara d
082 1 4 _a155.2/نعي
100 1 _aالرفاعي، نعيم
245 1 0 _aالصحة النفسية :
_bدراسة في سيكولوجية التكيف /
250 _aط7 . ، مزيدة و منقحة
264 1 _aدمشق :
_bجامعة دمشق،
_c1987.
300 _a560ص
650 1 7 _aعلم النفس
650 1 7 _aسيكولوجية الفرد
942 _2ddc
_cBK
999 _c66946
_d66946